[Event "41st IT Bosna 2011"]
[Site "Sarajevo"]
[Date "2011.05.12"]
[Round "9.20"]
[White "Nestorovic, Lazar"]
[Black "Mrndjic, Muamer"]
[Result "1-0"]
[WhiteElo "2419"]
[BlackElo "2182"]
[PlyCount "133"]
[EventDate "2011.05.03"]

1. e4 c5 2. Nf3 e6 3. d4 cxd4 4. Nxd4 Nf6 5. Nc3 d6 6. Be3 a6 7. f3 Qc7 8. Qd2
Be7 9. O-O-O O-O 10. g4 b5 11. Kb1 Bb7 12. h4 Nfd7 13. a3 Nc6 14. g5 Nde5 15.
Nxc6 Bxc6 16. Qg2 Rab8 17. h5 b4 18. axb4 Rxb4 19. Na2 Ra4 20. b3 Rb8 21. Bd4
Qa5 22. Nc1 Nd7 23. Bb2 Qb6 24. g6 Bf6 25. gxf7+ Kxf7 26. Qd2 d5 27. Bh3 Bxb2
28. Kxb2 Nc5 29. Bxe6+ Nxe6 30. exd5 Bxd5 31. Qxd5 Qb4 32. Qd6 Nc5 33. Qe5 Ra5
34. Qc7+ Kf8 35. Rd8+ Rxd8 36. Qxd8+ Kf7 37. Kb1 Qc3 38. Na2 Rxa2 39. Qc7+ Kf8
40. Qd8+ Kf7 41. Qd5+ Kf6 42. Kxa2 Qxc2+ 43. Ka3 Qc3 44. Rd1 Ne6 45. Qd3 Qa5+
46. Kb2 Qxh5 47. Qxa6 Qe5+ 48. Kb1 h5 49. Qc4 g5 50. b4 h4 51. b5 Qe3 52. Qd3
Qc5 53. Kb2 Qb6 54. Rd2 h3 55. Qc3+ Ke7 56. Qc6 Qe3 57. Rd7+ Kf6 58. Qc3+ Qxc3+
59. Kxc3 Kg6 60. Kc4 h2 61. Rd1 Kf5 62. b6 Nd8 63. Rh1 Kf4 64. Rxh2 Kxf3 65.
Rd2 Nc6 66. Kb5 Ke3 67. Rd5 1-0

[Event "41st IT Bosna 2011"]
[Site "Sarajevo"]
[Date "2011.05.12"]
[Round "9.21"]
[White "Esen, Baris"]
[Black "Yurtseven, Melih"]
[Result "1-0"]
[WhiteElo "2553"]
[BlackElo "2050"]
[PlyCount "89"]
[EventDate "2011.05.03"]

1. d4 Nf6 2. c4 g6 3. Nf3 Bg7 4. g3 O-O 5. Bg2 d6 6. O-O Nc6 7. Nc3 Bf5 8. b3
Ne4 9. Nd5 Nf6 10. Ne3 Be4 11. Bb2 e6 12. Qd2 d5 13. Rac1 Ne7 14. Nc2 a5 15.
Nce1 c6 16. Nd3 Nd7 17. Bc3 Nf5 18. e3 a4 19. Rfd1 h5 20. Nfe5 Bxg2 21. Nxd7
Bf3 22. Nxf8 Nd6 23. Nxe6 fxe6 24. Ne1 Ne4 25. Qd3 Bxd1 26. Qxd1 axb3 27. axb3
Qf8 28. Qc2 c5 29. Bb2 Ra2 30. Ra1 Rxb2 31. Qxb2 cxd4 32. exd4 Nxf2 33. Qd2 Ne4
34. Qe3 Kh7 35. Nf3 Qf5 36. Ra7 Nd6 37. Ng5+ Kh6 38. Nf7+ Kh7 39. Nxd6 Qb1+ 40.
Kg2 Qc2+ 41. Kh3 Qd1 42. Qf2 Qg4+ 43. Kg2 h4 44. h3 Qd1 45. gxh4 1-0

[Event "41st IT Bosna 2011"]
[Site "Sarajevo"]
[Date "2011.05.12"]
[Round "9.22"]
[White "Stojanovic, Dalibor"]
[Black "Bandic, Adnan"]
[Result "0-1"]
[WhiteElo "2503"]
[BlackElo "2210"]
[PlyCount "138"]
[EventDate "2011.05.03"]

1. e4 e5 2. d4 exd4 3. Qxd4 Nc6 4. Qe3 Bb4+ 5. Nc3 d6 6. Bd2 Nge7 7. O-O-O Be6
8. f4 f6 9. Qg3 Rg8 10. a3 Ba5 11. Qh4 Qd7 12. Qxh7 O-O-O 13. Nf3 a6 14. Qh4 b5
15. Nd5 Nxd5 16. exd5 Bxd5 17. Bxa5 Bxf3 18. gxf3 Nxa5 19. Qe1 Nb7 20. a4 c6
21. axb5 axb5 22. Qc3 Kb8 23. Bd3 d5 24. Bg6 Qd6 25. f5 Rh8 26. h4 d4 27. Qd2
Qd5 28. Qf4+ Rd6 29. Kb1 Kc7 30. Rhe1 Ra8 31. Re7+ Kb6 32. Bf7 Qc5 33. Bb3 Qb4
34. Rxg7 Na5 35. Qd2 Nxb3 36. cxb3 Qxb3 37. Qd3 Qa2+ 38. Kc2 Re8 39. Qa3 Re2+
40. Kc1 Qxa3 41. bxa3 Rh2 42. Rg4 c5 43. Rd2 Rh1+ 44. Kc2 Rd5 45. Rf4 Ka5 46.
Kb2 Ka4 47. Ka2 b4 48. axb4 Kxb4 49. Kb2 c4 50. Rfxd4 Rxd4 51. Rxd4 Rh2+ 52.
Ka1 Kb3 53. Rd1 c3 54. Rb1+ Kc2 55. Rb6 Rxh4 56. Ra6 Rf4 57. Ra2+ Kb3 58. Ra6
Ra4+ 59. Rxa4 Kxa4 60. Kb1 Kb4 61. Kc1 Kc4 62. Kc2 Kd4 63. f4 Ke4 64. Kxc3 Kxf5
65. Kd3 Kxf4 66. Ke2 Kg3 67. Kf1 f5 68. Ke2 f4 69. Kf1 Kf3 0-1

[Event "41st IT Bosna 2011"]
[Site "Sarajevo"]
[Date "2011.05.12"]
[Round "9.23"]
[White "Can, Emre"]
[Black "Bucan, Eldin"]
[Result "1-0"]
[WhiteElo "2487"]
[BlackElo "2177"]
[PlyCount "71"]
[EventDate "2011.05.03"]

1. d4 Nf6 2. c4 e5 3. dxe5 Ng4 4. Bf4 Nc6 5. Nf3 Bb4+ 6. Nbd2 Qe7 7. e3 Ngxe5
8. Nxe5 Nxe5 9. Be2 b6 10. a3 Bxd2+ 11. Qxd2 Bb7 12. O-O O-O 13. Qc3 d6 14. b4
Ng6 15. Bg3 f5 16. Rfe1 Qg5 17. c5 f4 18. exf4 Nxf4 19. Bf1 dxc5 20. bxc5 Bd5
21. cxb6 cxb6 22. Re5 Qf6 23. Rae1 Rac8 24. Qe3 Ba8 25. Re7 Nd5 26. Qb3 Kh8 27.
Rxa7 Rc3 28. Qa2 Nf4 29. Qd2 Ng6 30. Qd6 Rc6 31. Qd7 Rc3 32. Re6 Bc6 33. Qc7
Qd4 34. Rxc6 Rxc6 35. Qxc6 Ne5 36. Ra8 1-0

[Event "41st IT Bosna 2011"]
[Site "Sarajevo"]
[Date "2011.05.12"]
[Round "9.24"]
[White "Firat, Burak"]
[Black "Marjanovic, Dejan"]
[Result "1/2-1/2"]
[WhiteElo "2380"]
[BlackElo "2149"]
[PlyCount "120"]
[EventDate "2011.05.03"]

1. e4 c5 2. Nf3 d6 3. d4 cxd4 4. Nxd4 Nf6 5. Nc3 g6 6. Bc4 Bg7 7. O-O O-O 8.
Re1 Nc6 9. Nb3 a6 10. a4 Be6 11. Nd5 Rc8 12. Nxf6+ Bxf6 13. Bxe6 fxe6 14. c3
Qe8 15. a5 Qf7 16. Qe2 Bg7 17. Be3 Ne5 18. Nd2 h6 19. f4 Nd7 20. Rf1 Nf6 21.
Bd4 Nh5 22. Be3 Nf6 23. e5 Nd5 24. Ne4 Rcd8 25. Bd2 Nc7 26. Be3 Nd5 27. Bd2 Nc7
28. c4 d5 29. cxd5 Rxd5 30. Rac1 Nb5 31. Be3 Qf5 32. Bc5 Nd4 33. Qe3 Nc6 34.
Bb6 Rb5 35. Nc5 Rxb2 36. Nxb7 Qg4 37. Qg3 Qxg3 38. hxg3 Nxa5 39. Bxa5 Rxb7 40.
Rc6 Kf7 41. Kh2 h5 42. Ra1 Ra8 43. Bc3 Rb3 44. Be1 Bh6 45. Raxa6 Rxa6 46. Rxa6
h4 47. Rc6 hxg3+ 48. Bxg3 Rb4 49. Rc3 Bxf4 50. Rf3 g5 51. Bxf4 gxf4 52. Kh3 Kg6
53. Kg4 Rb2 54. Kxf4 Rxg2 55. Ke4 Rg4+ 56. Ke3 Ra4 57. Rf8 Kg7 58. Rf1 Ra3+ 59.
Ke4 Ra4+ 60. Ke3 Ra3+ 1/2-1/2

[Event "41st IT Bosna 2011"]
[Site "Sarajevo"]
[Date "2011.05.12"]
[Round "9.26"]
[White "Brkic, Mustafa"]
[Black "Kadric, Denis"]
[Result "1-0"]
[WhiteElo "2143"]
[BlackElo "2376"]
[PlyCount "123"]
[EventDate "2011.05.03"]

1. b3 e5 2. Bb2 d6 3. e3 g6 4. d4 Bg7 5. dxe5 Nd7 6. Nf3 dxe5 7. Nbd2 Nh6 8.
Nc4 f6 9. Qd5 Nb6 10. Qxd8+ Kxd8 11. O-O-O+ Ke8 12. Nxb6 axb6 13. a4 Be6 14. h3
Nf5 15. Ba3 Bd7 16. Bc4 Bc6 17. Kb2 Bxf3 18. gxf3 Bf8 19. h4 Bxa3+ 20. Kxa3 Nd6
21. Kb4 Ke7 22. f4 c5+ 23. Ka3 b5 24. Bd5 bxa4 25. bxa4 Ra5 26. Kb3 Rha8 27.
Ra1 R8a6 28. Bg8 Kf8 29. fxe5 fxe5 30. Bc4 b5 31. Be2 Rxa4 32. Rxa4 Rxa4 33. h5
g5 34. Rd1 Ke7 35. Rd5 c4+ 36. Kb2 Ke6 37. Rc5 Ra6 38. Rc7 h6 39. Rg7 Kd5 40.
Rg6 Ra7 41. Rxh6 b4 42. Rg6 c3+ 43. Kb1 Rf7 44. f3 Nc4 45. Bxc4+ Kxc4 46. Rxg5
Rxf3 47. Rg4+ Kb5 48. Ka2 Ka4 49. Rg8 Rxe3 50. Ra8+ Kb5 51. h6 Rh3 52. Rh8 Kc6
53. Kb3 Kd5 54. h7 Ke4 55. Kxb4 Ke3 56. Kxc3 Ke2+ 57. Kb4 e4 58. c4 e3 59. c5
Ke1 60. Re8 Rxh7 61. Rxe3+ Kd2 62. Rg3 1-0

[Event "41st IT Bosna 2011"]
[Site "Sarajevo"]
[Date "2011.05.12"]
[Round "9.27"]
[White "Kamberovic, Senad"]
[Black "Hadzovic, Amir"]
[Result "0-1"]
[WhiteElo "2272"]
[BlackElo "2143"]
[PlyCount "40"]
[EventDate "2011.05.03"]

1. e4 e5 2. Nf3 Nc6 3. d4 exd4 4. Nxd4 Bc5 5. Be3 Qf6 6. c3 Nge7 7. Be2 d6 8.
O-O Qg6 9. Nd2 Bh3 10. Bf3 Ne5 11. b4 Bb6 12. a4 a6 13. g3 Bxf1 14. Kxf1 Nxf3
15. Qxf3 Bxd4 16. Bxd4 O-O 17. Kg2 Nc6 18. h4 f5 19. exf5 Rxf5 20. Qe3 Re8 0-1

[Event "41st IT Bosna 2011"]
[Site "Sarajevo"]
[Date "2011.05.12"]
[Round "9.28"]
[White "Kozarcanin, Sead"]
[Black "Dizdarevic, Emir"]
[Result "1-0"]
[WhiteElo "2131"]
[BlackElo "2493"]
[PlyCount "112"]
[EventDate "2011.05.03"]

1. e4 e6 2. d3 d5 3. Qe2 c5 4. exd5 Qxd5 5. Nc3 Qd7 6. Bf4 Nf6 7. Nf3 Nc6 8.
Ne5 Nxe5 9. Bxe5 Be7 10. O-O-O O-O 11. g4 b6 12. Bg2 Bb7 13. Bxb7 Qxb7 14. h4
Nd5 15. Qe4 Rad8 16. g5 Rd7 17. Qg4 Nxc3 18. Bxc3 Qd5 19. b3 Qf5 20. Qxf5 exf5
21. Rde1 f6 22. f4 Bd6 23. Rhf1 fxg5 24. hxg5 Kf7 25. Be5 Re8 26. Bxd6 Rxe1+
27. Rxe1 Rxd6 28. Re5 Kg6 29. Kd2 h6 30. gxh6 gxh6 31. Ke3 Rf6 32. a4 a5 33.
Kf3 Rd6 34. Re8 Rf6 35. Kg3 Rd6 36. Kh4 Rf6 37. Re7 Rd6 38. Kg3 Rf6 39. Re8 Rd6
40. Rg8+ Kf7 41. Rb8 Kg6 42. Re8 Rf6 43. Kh4 Kf7 44. Rh8 Kg6 45. Rd8 Re6 46.
Rd5 Rf6 47. Re5 Rd6 48. Re8 Rf6 49. Rd8 Rc6 50. c3 Rf6 51. d4 cxd4 52. cxd4 Kf7
53. d5 Ke7 54. Rb8 Kd7 55. Rb7+ Kc8 56. Re7 Rd6 1-0

[Event "41st IT Bosna 2011"]
[Site "Sarajevo"]
[Date "2011.05.12"]
[Round "9.29"]
[White "Nezad, Husein Aziz"]
[Black "Jakovljevic, Vlado"]
[Result "1-0"]
[WhiteElo "2433"]
[BlackElo "2390"]
[PlyCount "113"]
[EventDate "2011.05.03"]

1. d4 Nf6 2. c4 e6 3. Nc3 Bb4 4. Qc2 O-O 5. a3 Bxc3+ 6. Qxc3 Qe8 7. f3 d6 8. e4
e5 9. Ne2 a5 10. Be3 Nfd7 11. O-O-O a4 12. Kb1 Nc6 13. g4 Na5 14. Nc1 b6 15. h4
Ba6 16. h5 f6 17. h6 g5 18. Be2 Qf7 19. d5 Nb7 20. Na2 Nbc5 21. Qb4 Rfb8 22.
Qd2 Nf8 23. Nb4 Bb7 24. Rde1 Re8 25. Bd1 Bc8 26. Bc2 Bd7 27. Na2 Ng6 28. Nc3
Ra7 29. Ne2 Qe7 30. Ng3 Nf4 31. Rh2 Kh8 32. Qc3 Rg8 33. Bxf4 gxf4 34. Nh5 Rg5
35. Ng7 b5 36. cxb5 Bxb5 37. Qb4 Rb7 38. Qa5 Qd8 39. Rc1 Bd7 40. Bd1 Rb5 41.
Qd2 Qb8 42. Rc4 Qa7 43. Ka2 Kg8 44. Qc3 Kf7 45. Kb1 Ke7 46. Nf5+ Bxf5 47. exf5
Qa5 48. Qc1 Kd7 49. Rhc2 Rg8 50. R2c3 Rc8 51. g5 fxg5 52. f6 Rcb8 53. Bc2 Rxb2+
54. Qxb2 Rxb2+ 55. Kxb2 Qb5+ 56. Rb4 Qe2 57. Rb8 1-0

[Event "41st IT Bosna 2011"]
[Site "Sarajevo"]
[Date "2011.05.12"]
[Round "9.30"]
[White "Dumpor, Atif"]
[Black "Sadikovic, Jasmin"]
[Result "1/2-1/2"]
[WhiteElo "2383"]
[BlackElo "2093"]
[PlyCount "146"]
[EventDate "2011.05.03"]

1. Nf3 Nf6 2. c4 g6 3. g3 Bg7 4. Bg2 O-O 5. O-O d6 6. d4 c6 7. Nc3 Nbd7 8. h3
e5 9. dxe5 dxe5 10. Be3 Qc7 11. b4 Nb6 12. Qb3 Be6 13. Bxb6 axb6 14. Ng5 Bd7
15. b5 h6 16. bxc6 bxc6 17. Nge4 Nxe4 18. Nxe4 Be6 19. a4 b5 20. axb5 Rxa1 21.
Rxa1 cxb5 22. Qxb5 Bxc4 23. Rc1 Bxb5 24. Rxc7 Rd8 25. e3 Rd7 26. Rc8+ Kh7 27.
g4 Ba6 28. Rb8 Bc4 29. Rb6 Re7 30. h4 Bd5 31. Rb8 Bxe4 32. Bxe4 Bf6 33. h5 Kg7
34. Kg2 gxh5 35. gxh5 Bh4 36. Rb2 Rc7 37. Kh3 Bg5 38. Kg4 Re7 39. Kf5 Bh4 40.
Rc2 Re6 41. f3 Bf6 42. Bd5 Rd6 43. Ke4 Rd7 44. Rg2+ Kf8 45. Rd2 Kg7 46. Rg2+
Kf8 47. Bc6 Rc7 48. Bd5 Rd7 49. Kf5 Bg5 50. e4 Bf4 51. Rb2 Kg7 52. Rb6 Re7 53.
Ra6 Rc7 54. Ra8 Rd7 55. Ra6 Re7 56. Rd6 Rc7 57. Bc6 Re7 58. Bd7 Bg5 59. Rd1 Kf8
60. Rd5 Bf4 61. Kg4 Kg7 62. Rd6 Bg5 63. Kg3 Be3 64. Kg2 Bc5 65. Rd5 Be3 66. Kf1
Kf6 67. Ke2 Bf4 68. Bg4 Rc7 69. Rd7 Rxd7 70. Bxd7 Kg5 71. Bg4 f6 72. Kd3 Kh4
73. Kc4 Bg5 1/2-1/2

[Event "41st IT Bosna 2011"]
[Site "Sarajevo"]
[Date "2011.05.12"]
[Round "9.31"]
[White "Patrucic, Miroslav"]
[Black "Vojinovic, Jovana"]
[Result "0-1"]
[WhiteElo "2039"]
[BlackElo "2305"]
[PlyCount "56"]
[EventDate "2011.05.03"]

1. d4 Nf6 2. c4 d6 3. Nc3 Nbd7 4. e4 e5 5. d5 g6 6. f4 exf4 7. Bxf4 Qe7 8. Qc2
Bg7 9. Nf3 O-O 10. Bd3 Ng4 11. O-O Nde5 12. h3 Nxf3+ 13. Rxf3 Ne5 14. Rff1 Bd7
15. Rae1 a6 16. a4 Rae8 17. b3 Nxd3 18. Qxd3 f5 19. Bd2 Qf6 20. Kh1 Qd4 21.
Qxd4 Bxd4 22. Ne2 Rxe4 23. Nxd4 Rxd4 24. Bg5 Rf7 25. Rf3 c6 26. Rfe3 cxd5 27.
Re7 Re4 28. cxd5 Rfxe7 0-1

[Event "41st IT Bosna 2011"]
[Site "Sarajevo"]
[Date "2011.05.12"]
[Round "9.32"]
[White "Koksal, Ege"]
[Black "Terzic, Ilijas"]
[Result "1/2-1/2"]
[WhiteElo "2004"]
[BlackElo "2224"]
[PlyCount "98"]
[EventDate "2011.05.03"]

1. d4 Nf6 2. c4 e6 3. Nf3 Bb4+ 4. Nbd2 d5 5. e3 O-O 6. a3 Be7 7. Bd3 b6 8. O-O
Bb7 9. b4 a5 10. b5 c5 11. Bb2 Nbd7 12. Rc1 cxd4 13. Nxd4 Nc5 14. Be2 Rc8 15.
Bf3 Nd3 16. Qb3 Nxc1 17. Rxc1 dxc4 18. Nxc4 Bxf3 19. gxf3 Bc5 20. Nc6 Qe8 21.
Bxf6 gxf6 22. N4xa5 Kh8 23. Nc4 Rg8+ 24. Kf1 Rg6 25. Ke2 Rxc6 26. bxc6 Qxc6 27.
Qc3 Qa4 28. Rd1 Kg7 29. h4 h5 30. Rb1 Qa6 31. Qd3 Rg2 32. Rb3 Rh2 33. Nxb6
Qxd3+ 34. Kxd3 Bxb6 35. Rxb6 Rxh4 36. Rb4 Rh1 37. Ke2 Ra1 38. Ra4 Ra2+ 39. Kf1
e5 40. Kg2 f5 41. f4 e4 42. Kg3 Kg6 43. Ra6+ f6 44. Ra8 h4+ 45. Kg2 h3+ 46. Kg3
Kg7 47. Ra7+ Kg6 48. Ra8 Kg7 49. Ra7+ Kg6 1/2-1/2

[Event "41st IT Bosna 2011"]
[Site "Sarajevo"]
[Date "2011.05.12"]
[Round "9.37"]
[White "Strinic, Halid"]
[Black "Konjicanin, Muris"]
[Result "1-0"]
[WhiteElo "1903"]
[BlackElo "2261"]
[PlyCount "97"]
[EventDate "2011.05.03"]

1. d4 c5 2. c4 cxd4 3. Qxd4 Nc6 4. Qd1 Nf6 5. Nc3 d6 6. e4 e6 7. Nf3 Be7 8. Be2
O-O 9. O-O a6 10. h3 Ne5 11. Be3 Qc7 12. Rc1 b6 13. Nd4 Bb7 14. f3 Rac8 15. b3
Rfd8 16. Qe1 Qb8 17. Na4 b5 18. cxb5 axb5 19. Nxb5 d5 20. Ba7 Rxc1 21. Qxc1 Qc8
22. f4 Ng6 23. e5 Ne4 24. Be3 Qxc1 25. Rxc1 Rc8 26. Rxc8+ Bxc8 27. Bd3 Bd7 28.
Nbc3 Nxc3 29. Nxc3 Bb4 30. Ne2 Ba3 31. g4 Ne7 32. Nd4 Nc6 33. Nb5 Bb2 34. a4
Kf8 35. Bc5+ Ke8 36. Nd6+ Kd8 37. Nxf7+ Kc7 38. Bxh7 Bd4+ 39. Bxd4 Nxd4 40. Bd3
Nf3+ 41. Kf2 Nd2 42. Bc2 Kb6 43. b4 d4 44. Ke2 Nc4 45. Bd3 Ne3 46. a5+ Ka7 47.
Nd6 Ng2 48. Kf3 Nh4+ 49. Kg3 1-0

[Event "41st IT Bosna 2011"]
[Site "Sarajevo"]
[Date "2011.05.12"]
[Round "9.38"]
[White "Uyanik, Mehmet"]
[Black "Hajdarevic, Samir"]
[Result "0-1"]
[WhiteElo "1668"]
[BlackElo "2143"]
[PlyCount "80"]
[EventDate "2011.05.03"]

1. e4 e5 2. Nf3 Nc6 3. Bb5 Nge7 4. d4 exd4 5. Nxd4 Ng6 6. O-O Bc5 7. c3 O-O 8.
Be3 Bb6 9. Nd2 a6 10. Bd3 Nce5 11. Bc2 d5 12. h3 c5 13. N4f3 d4 14. cxd4 cxd4
15. Bg5 Qd6 16. Nxe5 Nxe5 17. Qh5 Be6 18. Bf4 f6 19. Kh1 Bf7 20. Qd1 Rfd8 21.
Bh2 Qb4 22. a3 Qe7 23. Bb3 Rac8 24. f4 Nd3 25. Rb1 Nc5 26. Bxf7+ Qxf7 27. e5 f5
28. Nf3 Ne4 29. b4 Nc3 30. Ng5 Nxd1 31. Nxf7 Nf2+ 32. Rxf2 Kxf7 33. Rd2 Rc3 34.
a4 d3 35. a5 Be3 36. e6+ Ke8 37. Rdd1 d2 38. Bg1 Bxf4 39. Rf1 Rc1 40. Rd1 Rxb1
0-1

[Event "41st IT Bosna 2011"]
[Site "Sarajevo"]
[Date "2011.05.12"]
[Round "9.42"]
[White "Hamornik, Jozef"]
[Black "Arat, Ufuk Sezen"]
[Result "0-1"]
[WhiteElo "2063"]
[BlackElo "2053"]
[PlyCount "90"]
[EventDate "2011.05.03"]

1. Nf3 g6 2. c4 Bg7 3. g3 Nf6 4. Bg2 O-O 5. O-O d6 6. Nc3 e5 7. d3 h6 8. Rb1 a5
9. a3 Be6 10. Qc2 Qd7 11. Rd1 a4 12. b3 axb3 13. Qxb3 Nc6 14. Qc2 b6 15. d4
exd4 16. Nxd4 Nxd4 17. Rxd4 Ra5 18. Nb5 Ng4 19. Rd1 Ne5 20. Bd2 Bxc4 21. Bxa5
Bxb5 22. Bc3 Ba4 23. Qb2 Bxd1 24. Rxd1 Nc4 25. Qb4 b5 26. Bxg7 Kxg7 27. a4 Rb8
28. Rc1 Ne5 29. f4 Ng4 30. Qd4+ Nf6 31. Bc6 Qe6 32. Bxb5 c5 33. Qd3 Rc8 34. a5
d5 35. e3 Kh7 36. Qa3 c4 37. Qc3 Rb8 38. Ba4 Ne4 39. Qd4 c3 40. Bc2 Rb2 41.
Bxe4 dxe4 42. Qxc3 Qa2 43. Qxb2 Qxb2 44. Rc7 Kg7 45. a6 Qa1+ 0-1

[Event "41st IT Bosna 2011"]
[Site "Sarajevo"]
[Date "2011.05.12"]
[Round "9.43"]
[White "Grubacic, Mile"]
[Black "Sadikovic, Samir"]
[Result "1-0"]
[WhiteElo "2048"]
[BlackElo "2167"]
[PlyCount "139"]
[EventDate "2011.05.03"]

1. e4 c5 2. Nf3 Qc7 3. d4 cxd4 4. Nxd4 a6 5. Nc3 e6 6. Be3 Bb4 7. Qd2 Nf6 8.
Bd3 d5 9. exd5 Nxd5 10. Nde2 Nxe3 11. Qxe3 Nc6 12. Qg3 Qxg3 13. hxg3 h6 14.
O-O-O Bd7 15. a3 Be7 16. Be4 O-O-O 17. Nd4 Ne5 18. f3 f5 19. Bd3 Bc5 20. Be2
Nf7 21. f4 g5 22. Bc4 Rhe8 23. Nxf5 exf5 24. Bxf7 Rf8 25. Bg6 Rf6 26. Bh5 g4
27. Nd5 Rff8 28. Bg6 Bc6 29. c4 b5 30. Rxh6 Bxd5 31. Rxd5 Rxd5 32. cxd5 Be3+
33. Kc2 Rf6 34. Rh8+ Kc7 35. Kd3 Bc1 36. Be8 Bxb2 37. Bc6 Bxa3 38. Kc3 Bc5 39.
Kd3 Bf2 40. Ra8 Kb6 41. Rb8+ Ka5 42. Bd7 Bxg3 43. Ke3 Be1 44. Kd4 Bd2 45. g3
Be1 46. Be6 b4 47. Ke5 Bc3+ 48. Kd6 Rg6 49. Ke7 Rg7+ 50. Bf7 Ka4 51. d6 b3 52.
d7 Ba5 53. Kf8 Rxf7+ 54. Kxf7 Ka3 55. Ke6 b2 56. Kxf5 Ka2 57. Kxg4 Bd8 58. Kf3
a5 59. g4 Be7 60. Rxb2+ Kxb2 61. g5 a4 62. g6 a3 63. g7 a2 64. g8=Q a1=Q 65.
Qg7+ Ka2 66. Qxa1+ Kxa1 67. Ke4 Kb2 68. Ke5 Kc3 69. Ke6 Kc4 70. Kxe7 1-0

[Event "41st IT Bosna 2011"]
[Site "Sarajevo"]
[Date "2011.05.12"]
[Round "9.44"]
[White "Hadziselimovic, Bernardina"]
[Black "Cerimovic, Aldin"]
[Result "1-0"]
[WhiteElo "1822"]
[BlackElo "2092"]
[PlyCount "45"]
[EventDate "2011.05.03"]

1. e4 c6 2. d4 d6 3. Nc3 Nd7 4. Nf3 e5 5. dxe5 dxe5 6. Bc4 Be7 7. Be3 Ngf6 8.
h3 b5 9. Bd3 O-O 10. O-O a6 11. Ne2 Bb7 12. Ng3 c5 13. c3 c4 14. Bc2 Qc7 15.
Qe2 Bc5 16. Rad1 Rfd8 17. Rd2 Nf8 18. Rfd1 Ne6 19. Ng5 Bxe3 20. Qxe3 Nc5 21.
Rxd8+ Rxd8 22. Rxd8+ Qxd8 23. Qxc5 1-0

[Event "41st IT Bosna 2011"]
[Site "Sarajevo"]
[Date "2011.05.12"]
[Round "9.47"]
[White "Jacimovic, Sara"]
[Black "Grahovac, Danijel"]
[Result "1-0"]
[WhiteElo "1959"]
[BlackElo "1963"]
[PlyCount "107"]
[EventDate "2011.05.03"]

1. e4 e6 2. d4 d5 3. e5 c5 4. c3 Nc6 5. Nf3 Qb6 6. a3 Nh6 7. b4 cxd4 8. cxd4
Nf5 9. Bb2 Be7 10. Be2 O-O 11. g4 Nh4 12. Nxh4 Bxh4 13. b5 Ne7 14. Nd2 f5 15.
g5 Bxg5 16. Nf3 Bh6 17. Bc1 f4 18. Bd3 Nf5 19. Bxf5 Rxf5 20. Qd3 Bd7 21. a4 a6
22. bxa6 Rxa6 23. Qc2 Qc6 24. Qxc6 Bxc6 25. a5 Rf8 26. Bd2 Rfa8 27. Rb1 Kf7 28.
Rg1 b6 29. axb6 Rb8 30. Rg4 Raxb6 31. Rxb6 Rxb6 32. Bxf4 Rb1+ 33. Kd2 Rb2+ 34.
Ke1 Rb1+ 35. Ke2 Bb5+ 36. Kd2 Rb2+ 37. Kc3 Rxf2 38. Bxh6 gxh6 39. Nd2 Rxh2 40.
Rf4+ Ke7 41. Nb3 Rh3+ 42. Kb4 Bd3 43. Nc5 Bf5 44. Nb7 Rg3 45. Nd6 Rg5 46. Kc5
h5 47. Rf2 Kf8 48. Rb2 Kg7 49. Rb7+ Kg6 50. Rf7 h4 51. Rf6+ Kh5 52. Nxf5 Rxf5
53. Rxf5+ exf5 54. e6 1-0

[Event "41st IT Bosna 2011"]
[Site "Sarajevo"]
[Date "2011.05.12"]
[Round "9.48"]
[White "Lakota, Izet"]
[Black "Cosovic, Aziz"]
[Result "1-0"]
[WhiteElo "1838"]
[BlackElo "2059"]
[PlyCount "71"]
[EventDate "2011.05.03"]

1. e4 e5 2. Nf3 Nc6 3. a3 a6 4. Nc3 Bc5 5. Bc4 d6 6. h3 Nge7 7. d3 O-O 8. O-O
Kh8 9. Be3 Bxe3 10. fxe3 f5 11. exf5 Nxf5 12. Qe1 Bd7 13. Rd1 Qe8 14. Nd5 Rc8
15. Nh4 Qh5 16. Nxf5 Bxf5 17. Rd2 Qg6 18. Rdf2 Rf7 19. Nf4 exf4 20. Bxf7 Qg3
21. Rxf4 Qxe1 22. Rxe1 Bd7 23. Ref1 g6 24. Bd5 Nd8 25. Rf8+ Kg7 26. Bxb7 Nxb7
27. R8f7+ Kh6 28. Rxd7 Nc5 29. Re7 Rb8 30. b3 Rb5 31. Rff7 a5 32. Rxh7+ Kg5 33.
Kh2 Na6 34. Kg3 Kf6 35. Rhf7+ Kg5 36. h4+ 1-0